000 00625nam a2200241 i 4500
001 C2-0077771
003 PPAK
005 20180727082819.0
008 970429s1993 si |||| ||||| | eng d
020 _a9971003376
040 _aPPAK
_beng
_cPPAK
_erda
082 0 4 _a823
_223
090 0 0 _a823
_bLIM
_dG
100 1 _aLim, Suchen Christine,
_eauthor
245 1 0 _aFistful of colours
264 1 _aSingapore :
_bEPB Publishers ,
_c1993
300 _a362 pages ;
_c19 cm
336 _2rdacontent
_atext
337 _2rdamedia
_aunmediated
338 _2rdacarrier
_avolume
650 1 0 _aEnglish fiction
942 _ddc
_cB
999 _c12680
_d12680